| 000 | 00553nam a22001937a 4500 | ||
|---|---|---|---|
| 003 | KOHA_MİRAKIL | ||
| 005 | 20250429162659.0 | ||
| 008 | 250429b tu ||||| |||| 00| 0 tur d | ||
| 020 | _a9789753424615 | ||
| 040 |
_aTR-AnABB _btur _cTR-AnABB |
||
| 041 | _atur | ||
| 082 |
_a828.3354 _bGUİ 2020 |
||
| 100 |
_aLe Guin, Ursula K, _d1929-2018 |
||
| 245 | 1 | 0 |
_aÖteki rüzgar / _cUrsula K. Le Guin |
| 260 |
_aİstanbul : _bMetis Yayıncılık, _c2020 |
||
| 300 |
_a228 sayfa ; _c30 cm |
||
| 650 | 0 | 4 | _aAmerikan edebiyatı, roman |
| 942 |
_2ddc _cBK |
||
| 999 |
_c8866 _d8866 |
||
| 900 | _bGizem YORULMAZ | ||